|
|
|
|
| LEADER |
01744nam a22002777a 4500 |
| 001 |
40303 |
| 003 |
BD-DhAAL |
| 005 |
20250505143658.0 |
| 008 |
230305t2016 bg a|||| |||| 00| 0 ben d |
| 020 |
|
|
|a 9789848866405 (set)
|
| 040 |
|
|
|a BD-DhAAL
|d BD-DhAAL
|
| 082 |
|
|
|a 891.44
|2 23
|
| 100 |
|
|
|a ঠাকুর, রবীন্দ্রনাথ,
|d ১৮৬১-১৯৪১.
|
| 245 |
|
|
|a রবীন্দ্রসমগ্র :
|b প্রকাশিত-অপ্রকাশিত বাংলা-ইংরেজি রচনা, চিঠিপত্র, পাণ্ডুলিপি, চিত্রকলা ও আলোকচিত্রসহ,
|n খণ্ড ২৫.
|p চিঠিপত্র : হস্তাক্ষর, চিত্রকলা, অভিজ্ঞান ও আলোকচিত্র /
|c রবীন্দ্রনাথ ঠাকুর.
|
| 246 |
|
|
|a Rabindrashamagra :
|b complete works of Rabindranath Tagore vol. 25
|
| 260 |
|
|
|a ঢাকা :
|b পাঠক সমাবেশ,
|c ২০১৬.
|
| 300 |
|
|
|a নয়, ৯০৩ পৃষ্ঠা :
|b চিত্র ;
|c ২৬ সে.মি.
|
| 362 |
|
|
|a পঁচিশ খণ্ড
|
| 504 |
|
|
|a গ্রন্থপঞ্জিগত নির্দেশিকা অন্তভূক্ত।
|
| 541 |
|
|
|a Donated By Akbar Ali Khan
|e 40303
|
| 600 |
|
|
|a Tagore, Rabindranath,
|d 1861-1941.
|
| 650 |
|
|
|a Bengali literature.
|
| 852 |
|
|
|a Ayesha Abed Library
|c Akbar Ali Khan Collection
|
| 942 |
|
|
|2 ddc
|c BK
|
| 999 |
|
|
|c 45561
|d 45561
|
| 952 |
|
|
|0 0
|1 0
|2 ddc
|4 0
|6 891_440000000000000_TAG
|7 1
|9 73333
|a BRACUL
|b BRACUL
|c AWC
|d 2023-03-05
|e Donated by Akbar Ali Khan
|g 4995.00
|l 0
|o 891.44 TAG
|p 3010040303
|r 2023-03-05
|t 1
|v 4995.00
|w 2023-03-05
|y BK
|x Price available in book
|